Muhammad Ali or Captain Kirk Quiz Stats

 Plays Quiz Updated Mar 19, 2015

Challenge
Share
Tweet
Embed
Score 0/30 Timer 06:00
1 Play Today
Quote Ali (A) or Kirk (K) % Correct
Did I ever tell you you play a very irritating game of chess, Mr. Spock???
91.3%
It will be a killer, and a chiller, and a thriller, when I get the gorilla in Manila???
89.7%
I'm so mean I make medicine sick???
88.9%
What's my name, fool? What's my name????
83.6%
Floats like a butterfly, sting like a bee, his hands can't hit what his eyes can't see???
83.4%
Worlds are conquered, galaxies destroyed ... but a woman is always a woman???
77.3%
I shook up the world! I shook up the world!???
77%
When we do battle, it is only because we have no choice???
76.3%
Nobody has to tell me that this is a serious business. I'm not fighting one man. I'm fighting a lot of men???
75.7%
Peace or ... utter destruction ... it's up to you???
75.6%
Not one hundred percent efficient, of course ... but nothing ever is???
75.1%
Either one of us, by himself, is expendable. Both of us are not???
75%
When you can whip any man in the world, you never know peace???
74.5%
Without freedom of choice there is no creativity???
72.5%
It isn't the mountains ahead to climb that wear you out; it's the pebble in your shoe???
70%
Quote Ali (A) or Kirk (K) % Correct
It's just a job. Grass grows, birds fly, waves pound the sand???
69.7%
Conquest is easy. Control is not???
69.6%
Of all things, a 'god' needs compassion???
66.8%
We all have to take defeats in life???
64.1%
Most legends have their basis in facts???
61.8%
I'm a soldier, not a diplomat. I can only tell the truth???
59.2%
Beauty survives???
58.5%
He who is not courageous enough to take risks will accomplish nothing in life???
56.6%
Silence is golden when you can't think of a good answer???
54.7%
Wars of nations are fought to change maps. But wars of poverty are fought to map change???
53.3%
Another dream that failed. There's nothing sadder???
52.4%
The fight is won or lost far away from witnesses???
51%
If you haven't learned the meaning of friendship, you really haven't learned anything???
44.2%
I was not prepared!???
37.3%
You either believe in yourself or you don't???
27%

You're not logged in!

Compare scores with friends on all Sporcle quizzes.
OR
Log In

You Might Also Like...

Show Comments

Extras

Top Quizzes Today


Score Distribution

Your Account Isn't Verified!

In order to create a playlist on Sporcle, you need to verify the email address you used during registration. Go to your Sporcle Settings to finish the process.

Report this User

Report this user for behavior that violates our Community Guidelines.

Details: